000 00696nam a2200265Ia 4500
003 OSt
005 20220918222014.0
006 a|||||r|||| 00| 0
007 ta
008 220917b |||||||| |||| 00| 0 eng d
024 _a214,278
037 _cTextual
040 _aARTS
_cARTS
_beng
041 _2eng
_aeng
082 _aY73, N6
100 _aHutchinson John Ed.
245 0 _aEthnicity
260 _aOxford
_bOxford university press
_c1996
300 _aix, 448 p
_ccm.
490 _aOxford readers
650 _aSOCIOLOGY
700 _a Smith Anthony D. Ed.
942 _hY73, N6
_cTEXL
_2CC
999 _c274288
_d274288